LEADER 00838cam2 2200253 450 001 E600200064102 005 20111115133919.0 100 $a20100526d2000 |||||ita|0103 ba 101 $aita 102 $aIT 200 0 $a2: 1935-1969$fRoberto Longhi 210 $aFirenze$cSansoni$d2000 215 $aVIII, 541 p.$c232 ill.$d26 cm 461 1$1001SON0002610$12001 $a<<11: >>Studi caravaggeschi / Roberto Longhi 700 1$aLonghi$b, Roberto$3AF00004551$4070$036305 801 0$aIT$bUNISOB$c20111115$gRICA 850 $aUNISOB 852 $aUNISOB$j700|Coll|1|K$m130575 912 $aE600200064102 940 $aM 102 Monografia moderna SBN 941 $aW 957 $a700|Coll|1|K$b000011$i-2$gSI$d130575$racquisto$1bethb$2UNISOB$3UNISOB$420111115133930.0$520120402113154.0$6bethb 996 $a2: 1935-1969$91702645 997 $aUNISOB LEADER 01232oam 2200409zu 450 001 9910139135303321 005 20241212215854.0 010 $a1-4244-5147-7 024 7 $a10.1109/AIPRW16221.2009 035 $a(CKB)2560000000009490 035 $a(SSID)ssj0000453175 035 $a(PQKBManifestationID)12201917 035 $a(PQKBTitleCode)TC0000453175 035 $a(PQKBWorkID)10480757 035 $a(PQKB)11143145 035 $a(NjHacI)992560000000009490 035 $a(EXLCZ)992560000000009490 100 $a20160829d2009 uy 101 0 $aeng 135 $aur||||||||||| 181 $ctxt 182 $cc 183 $acr 200 10$a2009 IEEE Applied Imagery Pattern Recognition Workshop 210 31$a[Place of publication not identified]$cIEEE$d2009 215 $a1 online resource $cillustrations 300 $aBibliographic Level Mode of Issuance: Monograph 311 08$a1-4244-5146-9 606 $aOptical pattern recognition$vCongresses 615 0$aOptical pattern recognition 676 $a006.42 702 $aIEEE Staff 801 0$bPQKB 906 $aPROCEEDING 912 $a9910139135303321 996 $a2009 IEEE Applied Imagery Pattern Recognition Workshop$92508325 997 $aUNINA